00446nam a2200181Ia 4500003000900000008004100009040001300050040001300063041000800076100002200084245008500106250000900191260002900200260000900229300001000238300001000248490000600258IT-RoPAU120407s9999 xx 000 0 und d aIT-RoPAU cIT-RoPAU aita aLuigi Della Torre aIn copia verso il matrimonio. Cammino di fede per vivere il matrimonio cristiano aRoma aCentro Catechistico EP  c1980 a80 p. c21 cm v1